Normal view MARC view
  • Buffa Elword s. and saren rakesh K

Entry Personal Name

Number of records used in: 1

001 - CONTROL NUMBER

  • control field: 2039

003 - CONTROL NUMBER IDENTIFIER

  • control field: OSt

005 - DATE AND TIME OF LATEST TRANSACTION

  • control field: 20160615165356.0

008 - FIXED-LENGTH DATA ELEMENTS

  • fixed length control field: 160615|| aca||aabn | a|a d

040 ## - CATALOGING SOURCE

  • Original cataloging agency: OSt
  • Transcribing agency: OSt

100 ## - HEADING--PERSONAL NAME

  • Personal name: Buffa Elword s. and saren rakesh K

670 ## - SOURCE DATA FOUND

  • Source citation: Work cat.: (OSt): Buffa Elword s. and saren rakesh K, Modern Production Operations Management, 2008